000 nam a22 7a 4500
999 _c52364
_d52364
003 OSt
005 20220621165849.0
008 220621b xxu||||| |||| 00| 0 eng d
040 _cIIMT UNIVERSITY MEERUT
100 _aGUPTA R.P.
245 _aVIDDUT UPYANTRA EV MAPAN
260 _bBHARAT BHARTI
300 _a325
942 _2ddc
_c09